Consumer Behavior (Record no. 342898)
[ view plain ]
| 000 -LEADER | |
|---|---|
| fixed length control field | 00351 a2200133 4500 |
| 020 ## - INTERNATIONAL STANDARD BOOK NUMBER | |
| International Standard Book Number | 0071125116 |
| 090 ## - LOCALLY ASSIGNED LC-TYPE CALL NUMBER (OCLC); LOCAL CALL NUMBER (RLIN) | |
| -- | 329 |
| -- | 329 |
| 100 ## - MAIN ENTRY--PERSONAL NAME | |
| Personal name | Loudon, David L |
| 245 ## - TITLE STATEMENT | |
| Title | Consumer Behavior |
| Remainder of title | Concpts and applications |
| Statement of responsibility, etc. | Loudon, David L |
| 250 ## - EDITION STATEMENT | |
| Edition statement | 4th ed. |
| 260 ## - PUBLICATION, DISTRIBUTION, ETC. | |
| Place of publication, distribution, etc. | New York |
| Name of publisher, distributor, etc. | McGraw-Hill, Inc |
| Date of publication, distribution, etc. | 1993 |
| 300 ## - PHYSICAL DESCRIPTION | |
| Extent | 788 p. |
| 942 ## - ADDED ENTRY ELEMENTS (KOHA) | |
| Institution code [OBSOLETE] | NBS |
| Koha item type | Book |
| Call number prefix | 658.834 LOU |
| Withdrawn status | Lost status | Damaged status | Not for loan | Permanent Location | Current Location | Date acquired | Total Checkouts | Full call number | Barcode | Date last seen | Date last checked out | Price effective from | Koha item type |
|---|---|---|---|---|---|---|---|---|---|---|---|---|---|
| Central Library (CL) | Central Library (CL) | 08/28/2013 | 1 | 658.834 LOU | NBS332 | 03/14/2024 | 12/29/2015 | 08/28/2013 | Book |
